2025 NFL Touchdown Scorers - Statistics

General Stats
  • This quiz has been taken 25 times
  • The average score is 215 of 401
Answer Stats
Team # Position Player % Correct
49ers 3 QB Brock Purdy
100%
49ers 17 RB Christian McCaffrey
100%
49ers 7 TE George Kittle
100%
Falcons 11 RB Bijan Robinson
94%
Chiefs 1 RB Brashard Smith
94%
49ers 2 RB Brian Robinson Jr.
94%
Bills 1 WR Curtis Samuel
94%
Titans 1 TE David Martin-Robinson
94%
Commanders 6 WR Deebo Samuel Sr.
94%
49ers 1 WR Demarcus Robinson
94%
Eagles 4 WR DeVonta Smith
94%
Seahawks 10 WR Jaxon Smith-Njigba
94%
Steelers 3 TE Jonnu Smith
94%
Chiefs 1 WR JuJu Smith-Schuster
94%
Chargers 1 WR KeAndre Lambert-Smith
94%
Ravens 1 LB Roquan Smith
94%
Giants 4 WR Wan'Dale Robinson
94%
Eagles 7 WR A.J. Brown
88%
Lions 11 WR Amon-Ra St. Brown
88%
Jets 1 RB Braelon Allen
88%
Bears 1 WR Brittain Brown
88%
Panthers 2 QB Bryce Young
88%
Bears 4 QB Caleb Williams
88%
Cowboys 3 WR CeeDee Lamb
88%
Bengals 11 RB Chase Brown
88%
Saints 1 DL Chase Young
88%
Commanders 1 WR Chris Moore
88%
Rams 3 TE Davis Allen
88%
Ravens 16 RB Derrick Henry
88%
Bears 7 WR DJ Moore
88%
Patriots 4 QB Drake Maye
88%
Jaguars 1 WR Dyami Brown
88%
Bills 1 WR Elijah Moore
88%
Chiefs 5 WR Hollywood Brown
88%
Patriots 7 TE Hunter Henry
88%
Jets 2 WR Isaiah Williams
88%
Bills 14 RB James Cook III
88%
Lions 7 WR Jameson Williams
88%
Cowboys 13 RB Javonte Williams
88%
Bills 14 QB Josh Allen
88%
Chargers 4 WR Keenan Allen
88%
Colts 1 DB Kenny Moore II
88%
Patriots 3 WR Kyle Williams
88%
Rams 13 RB Kyren Williams
88%
Ravens 2 QB Lamar Jackson
88%
Buccaneers 3 WR Mike Evans
88%
Panthers 1 DB Mike Jackson
88%
Panthers 2 TE Mitchell Evans
88%
Eagles 9 RB Saquon Barkley
88%
Packers 1 WR Savion Williams
88%
Raiders 1 WR Shedrick Jackson
88%
Eagles 1 DB Sydney Brown
88%
Vikings 3 RB Aaron Jones Sr.
81%
Broncos 5 QB Bo Nix
81%
Bengals 1 WR Charlie Jones
81%
Seahawks 1 WR Cody White
81%
Seahawks 2 WR Cooper Kupp
81%
Colts 5 QB Daniel Jones
81%
Lions 8 RB David Montgomery
81%
Ravens 3 WR Devontez Walker
81%
Packers 3 RB Emanuel Wilson
81%
Seahawks 1 LB Ernest Jones IV
81%
Jets 4 WR Garrett Wilson
81%
Bears 2 WR Jahdae Walker
81%
Lions 18 RB Jahmyr Gibbs
81%
Eagles 8 QB Jalen Hurts
81%
Eagles 1 LB Jalyx Hunt
81%
Bengals 8 WR Ja'Marr Chase
81%
Giants 9 QB Jaxson Dart
81%
Commanders 2 QB Jayden Daniels
81%
Vikings 4 QB J.J. McCarthy
81%
Colts 20 RB Jonathan Taylor
81%
Ravens 3 RB Justice Hill
81%
Chargers 2 QB Justin Herbert
81%
Vikings 2 WR Justin Jefferson
81%
Chiefs 9 RB Kareem Hunt
81%
Seahawks 5 RB Kenneth Walker III
81%
Commanders 3 WR Luke McCaffrey
81%
Patriots 3 DB Marcus Jones
81%
Ravens 6 TE Mark Andrews
81%
Jets 1 TE Mason Taylor
81%
Cardinals 7 WR Michael Wilson
81%
Chiefs 5 QB Patrick Mahomes
81%
Rams 11 WR Puka Nacua
81%
Buccaneers 4 RB Rachaad White
81%
Steelers 2 WR Roman Wilson
81%
Patriots 4 WR Stefon Diggs
81%
Saints 1 TE Taysom Hill
81%
Chiefs 5 TE Travis Kelce
81%
Chargers 1 WR Tre' Harris
81%
Dolphins 1 WR Tyreek Hill
81%
Jets 1 QB Tyrod Taylor
81%
Titans 1 WR Van Jefferson
81%
Ravens 6 WR Zay Flowers
81%
Steelers 1 QB Aaron Rodgers
75%
Jets 2 WR Adonai Mitchell
75%
Jaguars 1 DB Antonio Johnson
75%
Raiders 10 RB Ashton Jeanty
75%
Jets 5 RB Breece Hall
75%
Raiders 7 TE Brock Bowers
75%
Buccaneers 4 RB Bucky Irving
75%
Titans 2 QB Cam Ward
75%
Texans 1 QB C.J. Stroud
75%
Bears 2 TE Cole Kmet
75%
Bears 6 TE Colston Loveland
75%
Broncos 7 WR Courtland Sutton
75%
Cowboys 2 QB Dak Prescott
75%
Bears 10 RB D'Andre Swift
75%
Steelers 1 TE Darnell Washington
75%
Rams 14 WR Davante Adams
75%
Browns 4 TE David Njoku
75%
Seahawks 2 DL DeMarcus Lawrence
75%
Dolphins 12 RB De'Von Achane
75%
Falcons 7 WR Drake London
75%
Cowboys 9 WR George Pickens
75%
Vikings 2 DB Isaiah Rodgers
75%
Panthers 1 TE Ja'Tavion Sanders
75%
Texans 6 WR Jayden Higgins
75%
Dolphins 6 WR Jaylen Waddle
75%
Packers 14 RB Josh Jacobs
75%
Commanders 1 QB Josh Johnson
75%
Jets 4 QB Justin Fields
75%
Saints 3 TE Juwan Johnson
75%
Buccaneers 1 WR Kameron Johnson
75%
Ravens 1 RB Keaton Mitchell
75%
Bills 4 WR Keon Coleman
75%
Falcons 5 TE Kyle Pitts Sr.
75%
Cardinals 1 QB Kyler Murray
75%
Dolphins 5 WR Malik Washington
75%
Falcons 1 QB Michael Penix Jr.
75%
Cowboys 1 RB Miles Sanders
75%
Texans 7 WR Nico Collins
75%
Jaguars 7 WR Parker Washington
75%
Browns 1 RB Raheim Sanders
75%
Patriots 9 RB Rhamondre Stevenson
75%
Panthers 7 RB Rico Dowdle
75%
Browns 1 QB Shedeur Sanders
75%
Bengals 11 WR Tee Higgins
75%
Buccaneers 5 WR Tez Johnson
75%
Giants 5 TE Theo Johnson
75%
Patriots 10 RB TreVeyon Henderson
75%
Jaguars 9 QB Trevor Lawrence
75%
Bills 5 RB Ty Johnson
75%
Jets 1 WR Tyler Johnson
75%
Cardinals 1 LB Zaven Collins
75%
Colts 6 WR Alec Pierce
69%
Saints 9 WR Chris Olave
69%
Packers 6 WR Christian Watson
69%
Panthers 4 RB Chuba Hubbard
69%
Eagles 11 TE Dallas Goedert
69%
Steelers 7 WR DK Metcalf
69%
Bills 1 WR Gabe Davis
69%
Jets 1 RB Isaiah Davis
69%
Commanders 8 RB Jacory Croskey-Merritt
69%
Cowboys 8 TE Jake Ferguson
69%
49ers 9 WR Jauan Jennings
69%
Eagles 1 DL Jordan Davis
69%
Falcons 1 QB Kirk Cousins
69%
Cowboys 2 RB Malik Davis
69%
Packers 2 QB Malik Willis
69%
Commanders 1 QB Marcus Mariota
69%
Cardinals 4 WR Marvin Harrison Jr.
69%
Chargers 8 WR Quentin Johnston
69%
Chiefs 6 WR Rashee Rice
69%
Saints | Seahawks 2 WR Rashid Shaheed
69%
Bills 3 RB Ray Davis
69%
Broncos 12 RB RJ Harvey
69%
Lions 3 TE Sam LaPorta
69%
Rams 3 TE Terrance Ferguson
69%
Patriots 1 RB Terrell Jennings
69%
Vikings 3 TE T.J. Hockenson
69%
Jaguars 13 RB Travis Etienne Jr.
69%
Cardinals 11 TE Trey McBride
69%
Texans 1 DL Will Anderson Jr.
69%
Seahawks 12 RB Zach Charbonnet
69%
Jaguars 3 WR Brian Thomas Jr.
63%
Giants 7 RB Cam Skattebo
63%
Buccaneers 2 WR Chris Godwin Jr.
63%
Vikings 2 FB C.J. Ham
63%
Bills 5 TE Dalton Kincaid
63%
Bills 4 TE Dawson Knox
63%
Ravens 2 WR DeAndre Hopkins
63%
Browns 7 TE Harold Fannin Jr.
63%
Ravens 1 TE Isaiah Likely
63%
Chiefs 2 RB Isiah Pacheco
63%
Cardinals 1 QB Jacoby Brissett
63%
Bengals 1 QB Jake Browning
63%
Giants 2 QB Jameis Winston
63%
Steelers 8 RB Jaylen Warren
63%
Patriots 6 WR Kayshon Boutte
63%
Bills 4 WR Khalil Shakir
63%
Raiders 1 TE Michael Mayer
63%
Colts 7 WR Michael Pittman Jr.
63%
Browns 7 RB Quinshon Judkins
63%
Packers 6 WR Romeo Doubs
63%
Bears 6 WR Rome Odunze
63%
Buccaneers 8 RB Sean Tucker
63%
Commanders 3 WR Terry McLaurin
63%
Panthers 7 WR Tetairoa McMillan
63%
Bears 1 LB T.J. Edwards
63%
Raiders 5 WR Tre Tucker
63%
Packers 6 TE Tucker Kraft
63%
Falcons 8 RB Tyler Allgeier
63%
Saints 3 QB Tyler Shough
63%
Colts 5 TE Tyler Warren
63%
Commanders 4 TE Zach Ertz
63%
Saints 1 RB Alvin Kamara
56%
Jaguars 3 TE Brenton Strange
56%
Buccaneers 1 TE Cade Otton
56%
Texans 3 TE Dalton Schultz
56%
Dolphins 6 TE Darren Waller
56%
Patriots 3 WR DeMario Douglas
56%
Giants 5 RB Devin Singletary
56%
Buccaneers 6 WR Emeka Egbuka
56%
Jaguars 3 WR Jakobi Meyers
56%
Cardinals 2 RB James Conner
56%
Packers 1 WR Jayden Reed
56%
Vikings 4 WR Jordan Addison
56%
Vikings 6 RB Jordan Mason
56%
49ers 2 FB Kyle Juszczyk
56%
Bears 5 RB Kyle Monangai
56%
Chargers 6 WR Ladd McConkey
56%
Bears 2 WR Luther Burden III
56%
Giants 2 WR Malik Nabers
56%
Broncos 3 WR Marvin Mims Jr.
56%
Texans 3 RB Nick Chubb
56%
Chargers 5 RB Omarion Hampton
56%
Jaguars 1 WR/DB Travis Hunter
56%
Bengals 2 WR Andrei Iosivas
50%
Rams 6 RB Blake Corum
50%
Texans 1 QB Davis Mills
50%
Browns 2 RB Dylan Sampson
50%
Broncos 1 TE Evan Engram
50%
Cowboys 1 WR Jalen Tolbert
50%
Broncos 4 RB J.K. Dobbins
50%
Saints 1 RB Kendre Miller
50%
Steelers 8 RB Kenneth Gainwell
50%
Bengals 2 TE Mike Gesicki
50%
Bengals 3 TE Noah Fant
50%
Steelers 4 TE Pat Freiermuth
50%
Ravens 2 WR Rashod Bateman
50%
Buccaneers 1 WR Ryan Miller
50%
Titans 5 RB Tony Pollard
50%
Rams 1 WR Tutu Atwell
50%
Rams 3 TE Tyler Higbee
50%
Giants 4 RB Tyrone Tracy Jr.
50%
Panthers 3 WR Xavier Legette
50%
Seahawks 7 TE AJ Barner
44%
Buccaneers 1 QB Baker Mayfield
44%
Jaguars 7 RB Bhayshul Tuten
44%
Cowboys 1 TE Brevyn Spann-Ford
44%
Lions 2 TE Brock Wright
44%
Steelers 3 WR Calvin Austin III
44%
Titans 2 TE Chig Okonkwo
44%
Texans 1 WR Christian Kirk
44%
Giants 1 WR Darius Slayton
44%
Falcons 1 WR Darnell Mooney
44%
Packers 2 WR Dontayvion Wicks
44%
Lions 6 WR Isaac TeSlaa
44%
Eagles 1 WR Jahan Dotson
44%
Panthers 3 WR Jalen Coker
44%
Dolphins 2 RB Jaylen Wright
44%
Browns 2 WR Jerry Jeudy
44%
Bengals 1 QB Joe Flacco
44%
Colts 4 WR Josh Downs
44%
Cowboys 2 WR KaVontae Turpin
44%
Saints 1 WR Kevin Austin Jr.
44%
Bears 1 DB Nahshon Wright
44%
Dolphins 4 RB Ollie Gordon II
44%
Broncos 6 WR Troy Franklin
44%
Raiders | Titans 1 WR Tyler Lockett
44%
Texans 6 RB Woody Marks
44%
Chiefs 1 WR Xavier Worthy
44%
Patriots 2 RB Antonio Gibson
38%
Browns 2 WR Cedric Tillman
38%
Titans 4 WR Elic Ayomanor
38%
Vikings 4 WR Jalen Nailor
38%
Texans 2 WR Jaylin Noel
38%
Lions 2 WR Kalif Raymond
38%
Patriots 2 WR Mack Hollins
38%
Colts 1 TE Mo Alie-Cox
38%
Colts 2 QB Riley Leonard
38%
Bengals 3 RB Samaje Perine
38%
Eagles 2 RB Tank Bigsby
38%
Panthers 2 TE Tommy Tremble
38%
Browns 1 DB Tyson Campbell
38%
Jets 1 WR Allen Lazard
31%
Jets 2 FB Andrew Beck
31%
Titans 6 WR Chimere Dike
31%
Rams 8 TE Colby Parkinson
31%
Cowboys 1 DB DaRon Bland
31%
Texans 1 DB Derek Stingley Jr.
31%
Saints 2 WR Devaughn Vele
31%
Saints 2 RB Devin Neal
31%
Cardinals 1 RB Emari Demercado
31%
49ers 5 TE Jake Tonges
31%
Chargers 4 RB Kimani Vidal
31%
Steelers 1 WR Marquez Valdes-Scantling
31%
Cardinals 1 RB Michael Carter
31%
Bears 2 WR Olamide Zaccheaus
31%
Saints 1 WR Ronnie Bell
31%
Seahawks 6 WR Tory Horton
31%
Titans 2 RB Tyjae Spears
31%
Patriots 2 TE Austin Hooper
25%
Cardinals 5 RB Bam Knight
25%
Commanders 6 RB Chris Rodriguez Jr.
25%
Steelers 3 TE Connor Heyward
25%
Giants 2 TE Daniel Bellinger
25%
Bengals 1 TE Drew Sample
25%
Eagles 1 TE Grant Calcaterra
25%
Cardinals 4 WR Greg Dortch
25%
Rams 1 DL Jared Verse
25%
Falcons 1 DB Jessie Bates III
25%
Commanders 1 TE John Bates
25%
Packers 1 TE John FitzPatrick
25%
Broncos 1 WR Lil'Jordan Humphrey
25%
Chargers 3 TE Oronde Gadsden II
25%
Broncos 1 WR Pat Bryant
25%
Ravens 1 RB Rasheen Ali
25%
Vikings 1 RB Zavier Scott
25%
Browns 2 LB Devin Bush
19%
Jaguars 1 LB Devin Lloyd
19%
Dolphins 1 TE Greg Dulcich
19%
Titans 2 TE Gunnar Helm
19%
Giants 1 WR Isaiah Hodgins
19%
Broncos 1 RB Jaleel McLaughlin
19%
Steelers 1 DB James Pierre
19%
Titans 1 DL Jeffery Simmons
19%
Commanders 1 RB Jeremy McNichols
19%
Jets 2 WR John Metchie III
19%
Vikings 4 TE Josh Oliver
19%
Cowboys 4 WR Ryan Flournoy
19%
Buccaneers 1 WR Sterling Shepard
19%
Jaguars 3 WR Tim Patrick
19%
Commanders 1 WR Treylon Burks
19%
Buccaneers 1 OL Tristan Wirfs
19%
Texans 3 WR Xavier Hutchinson
19%
Broncos 1 TE Adam Trautman
13%
Steelers 1 WR Ben Skowronek
13%
Ravens 2 TE Charlie Kolar
13%
Panthers 1 DB Chau Smith-Wade
13%
Bills 2 DB Christian Benford
13%
Rams 1 DB Cobie Durant
13%
Patriots 1 WR Efton Chism III
13%
Seahawks 1 TE Elijah Arroyo
13%
Seahawks 1 RB George Holani
13%
Panthers 2 WR Hunter Renfrow
13%
Bills 3 TE Jackson Hawes
13%
Buccaneers 1 DB Jamel Dean
13%
Broncos 1 DB Ja'Quan McMillian
13%
Cowboys 1 RB Jaydon Blue
13%
Patriots 1 LB K'Lavon Chaisson
13%
49ers 2 TE Luke Farrell
13%
Steelers 1 LB Nick Herbig
13%
Jaguars 1 TE Quintin Morris
13%
Texans 1 DL Sheldon Rankins
13%
Bengals 2 TE Tanner Hudson
13%
Giants 1 DB Tyler Nubin
13%
Chiefs 3 WR Tyquan Thornton
13%
Cardinals 1 DL Walter Nolen III
13%
Buccaneers 1 LB Anthony Nelson
6%
Saints 1 RB Audric Estime
6%
Commanders 1 TE Ben Sinnott
6%
Packers 1 WR Bo Melton
6%
Texans 1 RB Dare Ogunbowale
6%
Falcons 2 WR David Sills V
6%
49ers 1 LB Dee Winters
6%
Buccaneers 1 TE Devin Culp
6%
Colts 1 TE Drew Ogletree
6%
Jaguars 2 TE Hunter Long
6%
Cowboys 1 FB Hunter Luepke
6%
Chargers 1 RB Jaret Patterson
6%
Commanders 2 WR Jaylin Lane
6%
Jets 1 TE Jeremy Ruckert
6%
Saints 1 DB Justin Reid
6%
Rams 1 WR Konata Mumpfield
6%
Steelers 1 DB Kyle Dugger
6%
Bengals 2 WR Mitchell Tinsley
6%
Broncos 1 TE Nate Adkins
6%
Cowboys 1 RB Phil Mafah
6%
Ravens 1 WR Tylan Wallace
6%
Jets 1 DL Will McDonald IV
6%
Colts 1 RB Ameer Abdullah
0%
Titans 1 LB Cody Barton
0%
Giants 1 DB Deonte Banks
0%
Bengals 1 DB Geno Stone
0%
Giants 1 WR Gunner Olszewski
0%
Saints 1 TE Jack Stoll
0%
Saints 1 DB Jordan Howden
0%
Packers 1 TE Josh Whyle
0%
Cardinals 1 TE Josiah Deguara
0%
Jets 1 RB Kene Nwangwu
0%
Cowboys 1 LB Marshawn Kneeland
0%
Broncos 1 WR Michael Bandy
0%
Browns 1 DB Sam Webb
0%
Chargers 1 FB Scott Matlock
0%
Dolphins 1 WR Theo Wease Jr.
0%
Texans 1 DL Tommy Togiai
0%
Bills 1 WR Tyrell Shavers
0%
No matching quizzes found
Score Distribution
Percent of People with Each Score
Percentile by Number Answered
Your Score History
You have not taken this quiz